000 00348nam a2200145Ia 4500
008 230711s9999||||xx |||||||||||||| ||und||
041 _aENG
082 _a720
_bCR-R
100 _aCroft,Virginia
245 0 _aRecycled as restaurants
250 _a1st Ed.
260 _c1991
_aNew Delhi
_bWhitney Corporative
650 _aArchitecture
942 _cBK
999 _c2658
_d2658